Strategic management

Bibliographic Details
Main Author: Zainal Abidin Mohamed 1949-
Other Authors: Ho Jo Ann, Wong Foong Yee
Format: Book
Published: Oxford : Oxford University Press , 2010
Subjects:

MARC

LEADER 00000cam a2200000 7i4500
001 0000145790
005 20101210.0
020 |a 9789834509583 
090 0 0 |a 658.4012   |b ZAI 
100 0 |a Zainal Abidin Mohamed   |c 1949- 
245 1 0 |a Strategic management   |c Zainal Abidin Mohamed, Ho Jo Ann, Wong Foong Yee 
260 |a Oxford :   |b Oxford University Press ,   |c 2010 
300 |a 253p. ;   |c 26cm. 
650 0 0 |a Strategic planning 
700 0 |a Ho Jo Ann 
700 0 |a Wong Foong Yee 
999 |a 00243407   |b BUKU   |c PINJAMAN   |e PERPUSTAKAAN KOMUNITI PETALING JAYA 
999 |a 00243408   |b BUKU   |c PINJAMAN   |e PERPUSTAKAAN KOMUNITI PETALING JAYA